ბათუმის შოთა რუსთაველის სახელმწიფო უნივერსიტეტის ბიბლიოთეკა

Адвокатура. Сборник документов (ბიბ.ჩანაწერი № 36104)

000 -LEADER
fixed length control field 00561nam a2200217Ia 4500
001 - CONTROL NUMBER
control field 2004
003 - CONTROL NUMBER IDENTIFIER
control field GE_BSU
008 - FIXED-LENGTH DATA ELEMENTS--GENERAL INFORMATION
fixed length control field 181216s||||||||xx |||||||||||||| ||und||
020 ## - INTERNATIONAL STANDARD BOOK NUMBER
International Standard Book Number 5774904067
040 ## - CATALOGING SOURCE
Transcribing agency GE_BSU
080 ## - UNIVERSAL DECIMAL CLASSIFICATION NUMBER
Universal Decimal Classification number 347.965
245 ## - TITLE STATEMENT
Title Адвокатура. Сборник документов
245 ## - TITLE STATEMENT
Statement of responsibility, etc. Сост. Ю.И.Стецовский
260 ## - PUBLICATION, DISTRIBUTION, ETC.
Place of publication, distribution, etc. Москва
260 ## - PUBLICATION, DISTRIBUTION, ETC.
Name of publisher, distributor, etc. Дело
260 ## - PUBLICATION, DISTRIBUTION, ETC.
Date of publication, distribution, etc. 2005
300 ## - PHYSICAL DESCRIPTION
Extent 280стр.
653 ## - INDEX TERM--UNCONTROLLED
Uncontrolled term Адвокатура. Сборник документов
942 ## - ADDED ENTRY ELEMENTS (KOHA)
Koha item type წიგნი
ეგზემპლარები
Withdrawn status Lost status Damaged status Not for loan Date acquired Barcode Date last seen Price effective from Koha item type
        2018-12-17 3804 2018-12-17 2018-12-17 წიგნი